<?xml version="1.0" encoding="UTF-8"?>
<collection xmlns="http://www.loc.gov/MARC21/slim">
 <record>
  <leader>01139nab#a2200313#ar4500</leader>
  <controlfield tag="001">000064708</controlfield>
  <controlfield tag="003">SVKKK</controlfield>
  <controlfield tag="005">19970806xxxxxxx.</controlfield>
  <controlfield tag="008">06    c        xo                  huno </controlfield>
  <datafield tag="FMT" ind1=" " ind2=" "/>
  <datafield tag="038" ind1=" " ind2=" ">
   <subfield code="a">SVKKK</subfield>
  </datafield>
  <datafield tag="040" ind1=" " ind2=" ">
   <subfield code="a">SVKKK</subfield>
   <subfield code="b">slo</subfield>
   <subfield code="e">AACR2</subfield>
  </datafield>
  <datafield tag="041" ind1="0" ind2=" ">
   <subfield code="a">hun</subfield>
  </datafield>
  <datafield tag="044" ind1=" " ind2=" ">
   <subfield code="a">xo</subfield>
   <subfield code="c">SK</subfield>
  </datafield>
  <datafield tag="080" ind1=" " ind2=" ">
   <subfield code="a">352</subfield>
  </datafield>
  <datafield tag="100" ind1="1" ind2=" ">
   <subfield code="a">Sziklay, Gejza</subfield>
   <subfield code="4">XXX</subfield>
  </datafield>
  <datafield tag="242" ind1="1" ind2="0">
   <subfield code="a">Oznámenie o konkurze</subfield>
  </datafield>
  <datafield tag="245" ind1="1" ind2="0">
   <subfield code="a">Pályazati hirdetmény</subfield>
   <subfield code="c">Gejza Sziklay</subfield>
  </datafield>
  <datafield tag="500" ind1=" " ind2=" ">
   <subfield code="a">Géza</subfield>
  </datafield>
  <datafield tag="520" ind1="2" ind2=" ">
   <subfield code="a">Mešťanosta Rožňavy Gejza (Géza) Sziklay uverenil 5.02.1902 oznam o konaní konkurzu na niektoré funkcie v mestskej správe na obdobie rokov 1902-1907. Ide o tieto funkcie: verejný právny poradca, tútor, pokladník, pracovník sirotskej stolice, lesný kapitán ďalšie.</subfield>
  </datafield>
  <datafield tag="650" ind1="0" ind2="4">
   <subfield code="a">správa mestská - Rožňava - miesta pracovné - obsadenie - možnosť - 1.01.1902-11.12.1907(obdobie) - Sziklay, Gejza (mešťanosta) - 5.02.1902 - oznámenie</subfield>
  </datafield>
  <datafield tag="773" ind1="0" ind2=" ">
   <subfield code="t">Sajó-Vidék : Politikai hetilap</subfield>
   <subfield code="g">Roč. 5, č. 6 (06.02.1902) s. 3</subfield>
  </datafield>
  <datafield tag="957" ind1=" " ind2=" ">
   <subfield code="a">Rožňava</subfield>
  </datafield>
  <datafield tag="958" ind1=" " ind2=" ">
   <subfield code="a">DG</subfield>
  </datafield>
  <datafield tag="958" ind1=" " ind2=" ">
   <subfield code="a">SK</subfield>
  </datafield>
  <datafield tag="974" ind1=" " ind2=" ">
   <subfield code="a">ebl</subfield>
   <subfield code="d">19970806</subfield>
  </datafield>
  <datafield tag="992" ind1=" " ind2=" ">
   <subfield code="a">RBX</subfield>
  </datafield>
  <datafield tag="BAS" ind1=" " ind2=" "/>
  <datafield tag="998" ind1=" " ind2=" ">
   <subfield code="a">RETRO</subfield>
  </datafield>
 </record>
</collection>
